Statistics for Guess Ballon d'Or winners by image

Click here to take the quiz!

General Stats

  • This quiz has been taken 43 times
  • The average score is 46 of 66

Answer Stats

Answer% Correct
2012-Lionel Messi (4)
97%
2016-Cristiano Ronaldo (4)
97%
2017-Cristiano Ronaldo (5)
97%
2008-Cristiano Ronaldo
95%
2010-Lionel Messi (2)
95%
2013-Cristiano Ronaldo (2)
95%
2014-Cristiano Ronaldo (3)
95%
2015-Lionel Messi (5)
95%
2022-Karim Benzema
95%
2009-Lionel Messi
92%
2011-Lionel Messi (3)
92%
2019-Lionel Messi (6)
92%
2021-Lionel Messi (7)
92%
1973-Johan Cruyff (2)
89%
1987-Ruud Gullit
89%
1997-Ronaldo
89%
2002-Ronaldo (2)
89%
2005-Ronaldinho
89%
2007-Kakà
89%
2018-Luka Modrić
89%
1998-Zinedine Zidane
87%
2000-Luis Figo
87%
2006-Fabio Cannavaro
87%
1965-Eusebio
84%
1971-Johan Cruyff
84%
1974-Johan Cruyff (3)
84%
1984-Michel Platini (2)
84%
2003-Pavel Nedvěd
84%
1968-George Best
82%
1983-Michel Platini
82%
1992-Marco Van Basten (3)
82%
1966-Bobby Charlton
79%
1999-Rivaldo
79%
1989-Marco Van Basten (2)
76%
1995-George Weah
76%
2001-Michael Owen
76%
1985-Michel Platini (3)
74%
1988-Marco Van Basten
74%
1963-Lev Yashin
71%
1990-Lothar Matthäus
71%
1972-Franz Beckenbauer
68%
2004-Andriy Shevchenko
68%
1976-Franz Beckenbauer (2)
63%
1993-Roberto Baggio
63%
1996-Matthias Sammer
63%
1978-Kevin Keegan
61%
1959-Alfredo Di Stéfano (2)
58%
1994-Hristo Stoichkov
58%
1979-Kevin Keegan (2)
55%
1957-Alfredo Di Stéfano
53%
1970-Gerd Müller
50%
1991-Jean-Pierre Papin
50%
1960-Luis Suárez
45%
1982-Paolo Rossi
45%
1969-Gianni Rivera
42%
1981-Karl-Heinze Rummenigge (2)
39%
1958-Raymond Kopa
37%
1980-Karl-Heinze Rummenigge
37%
1956-Stanley Matthews
32%
1961-Omar Sivori
29%
1964-Denis Law
29%
1986-Igor Belanov
24%
1962-Josef Masopust
18%
1967-Florian Albert
18%
1975-Oleg Blokhin
18%
1977-Allan Simonsen
18%

Score Distribution

Percentile by Number Answered

Percent of People with Each Score

Your Score History

You have not taken this quiz